000
00400nam a2200133Ia 4500
008
100328s9999 xx 000 0 und d
082
_b
33818
100
_a
भारती राज
245
_a
सर्प सुंदरी
260
_b
ाीरज पॉकेट बुक्स
630
_a
सर्प सुंदरी
730
_a
सर्प सुंदरी
942
_c
BOOK
999
_c
524147
_d
524144